| 000 | 00489nam a2200145Ia 4500 | ||
|---|---|---|---|
| 003 | GCL | ||
| 008 | 140319s9999 xx 000 0 ara d | ||
| 040 |
_aGCL / _cGCL |
||
| 082 | 0 | 4 |
_a301.01 _bم ع |
| 100 | 1 | _aمحمد على محمد | |
| 245 | 1 | 0 |
_aعلم اجتماع التنظيم: مدخل للتراث والمشكلات والموضوع والمنهج / _cمحمد على محمد |
| 260 |
_a[S.N] : _bدار المعرفة الجامعية ، _c1994 |
||
| 300 | _a587 | ||
| 490 | _a | ||
| 999 |
_c58921 _d58921 |
||